000 00336nam a22001457a 4500
020 _a978-1-118-93582-8
082 _a617.67 ,D15F
100 _aFEJERSKOV ,OLE
245 _aDENTAL CARIES : THE DISEASE AND ITS CLINICAL MANAGEMENT
250 _a3RD
260 _aU.K
_bWILEY
_c2015
300 _a466
650 _aOMR
942 _2ddc
_cBK
999 _c9930
_d9930